=LDR 00000nam 2200000 4500 =001 INLIS000000000032226 =005 20200622105734 =035 ##$$a 0010-061300000032226 =008 200622###########################0#ind## =041 ##$$a ind =082 ##$$a 2x9.8 =090 ##$$a 2x9.8, Jaw t =100 ##$$a Jawad, Muhammad =245 1#$$a Teladan Sang Darmawan, Muhammad Jawad =260 ##$$a 2008 :$b Jakarta =300 ##$$a xiii,343 hlm., 21 cm =650 #4$$a Biografi Islam =850 ##$$a NBPNMAT